Phong tục cưới xin của người Lào Than Uyên /

Wedi'i Gadw mewn:
Manylion Llyfryddiaeth
Prif Awdur: Nguyễn Thị Minh Tú.
Fformat: Erthygl
Iaith:Vietnamese
Pynciau:
Tagiau: Ychwanegu Tag
Dim Tagiau, Byddwch y cyntaf i dagio'r cofnod hwn!
Thư viện lưu trữ: Thư viện Trường Đại học Đà Lạt
LEADER 00752nam a2200265 4500
001 DLU090086100
005 ##20091215
040 # # |a DLU  |b vie 
041 # # |a vie 
044 # # |a vn 
100 # # |a Nguyễn Thị Minh Tú. 
245 # # |a Phong tục cưới xin của người Lào Than Uyên /  |c Nguyễn Thị Minh Tú. 
653 # # |a Hôn lễ 
653 # # |a Luật tục 
653 # # |a Phong tục 
773 # # |t Văn hóa nghệ thuật  |g Số 4(286), 2008, tr. 37-40 
920 # # |a Phòng Tạp chí -- Trung tâm Thông tin - Thư viện Trường Đại học Đà Lạt 
994 # # |a DLU 
900 # # |a True 
911 # # |a Nguyễn Thị Linh Chi 
925 # # |a G 
926 # # |a A 
927 # # |a BB 
980 # # |a Thư viện Trường Đại học Đà Lạt